Geography Quiz

Random Geography or Asia Quiz

Asia by Capital Quiz Stats

 Plays Quiz Updated Nov 16, 2017

Challenge
Share
Tweet
Embed
Score 0/49 Timer 08:00
11 Plays Today
Capital Country % Correct
TokyoJapan
95.9%
BeijingPeople's Republic of China
95.4%
MoscowRussia
95.4%
New DelhiIndia
94.8%
JerusalemIsrael
94.2%
Kuwait CityKuwait
94%
SeoulSouth Korea
93.9%
BaghdadIraq
93.4%
BangkokThailand
93.1%
SingaporeSingapore
92%
TehranIran
89.6%
TaipeiTaiwan
87.8%
HanoiVietnam
87.4%
JakartaIndonesia
86.2%
PyongyangNorth Korea
85.8%
KabulAfghanistan
85.6%
IslamabadPakistan
84.5%
ManilaPhilippines
84.1%
Abu DhabiUnited Arab Emirates
83%
AnkaraTurkey
82.6%
DamascusSyria
82.1%
Kuala LumpurMalaysia
80.6%
BeirutLebanon
80.4%
KathmanduNepal
79.9%
Phnom PenhCambodia
79.2%
Capital Country % Correct
RiyadhSaudi Arabia
76.7%
UlaanbaatarMongolia
72.6%
Sri Jayawardenapura KotteSri Lanka
72.2%
AmmanJordan
69.1%
TbilisiGeorgia
65.5%
MuscatOman
63.8%
DhakaBangladesh
62.6%
VientianeLaos
62.5%
DohaQatar
62.2%
RamallahPalestine
58.9%
Sana'aYemen
58%
TashkentUzbekistan
56.8%
AstanaKazakhstan
55.2%
MaleMaldives
54.8%
BakuAzerbaijan
54.5%
Bandar Seri BegawanBrunei
53.1%
YerevanArmenia
52.8%
ThimphuBhutan
51.6%
AshgabatTurkmenistan
51.5%
BishkekKyrgyzstan
50.2%
DiliTimor-Leste
49.2%
NaypyidawMyanmar
47.8%
DushanbeTajikistan
47.3%
ManamaBahrain
45.2%

You're not logged in!

Compare scores with friends on all Sporcle quizzes.
OR
Log In

You Might Also Like...

Show Comments

Extras

Top Quizzes Today


Score Distribution

Your Account Isn't Verified!

In order to create a playlist on Sporcle, you need to verify the email address you used during registration. Go to your Sporcle Settings to finish the process.

Report this User

Report this user for behavior that violates our Community Guidelines.

Details: